Zmeny vo výkazníctve podnikateľských subjektov vo výrobnej sfére podľa IFRS

Salvato in:
Dettagli Bibliografici
Autore principale: Lukáč, Jozef, 1991-
Altri autori: Stašková, Slavomíra, 1989-, Meheš, Marek
Natura: Capitolo di libro
Lingua:slovacco
Soggetti:
Tags: Aggiungi Tag
Nessun Tag, puoi essere il primo ad aggiungerne!!

MARC

LEADER 00000naa$a2200000$$$4500
001 0243688
005 20240502073939.6
041 0 |a slo 
044 |a SK 
245 1 0 |a Zmeny vo výkazníctve podnikateľských subjektov vo výrobnej sfére podľa IFRS  |c Jozef Lukáč, Slavomíra Stašková, Marek Meheš 
500 |a Abstrakt 
610 2 0 |a výkazníctvo účtovné 
610 2 0 |a IFRS 
610 2 0 |a sféra výrobná 
610 2 0 |a podnikatelia 
100 1 |a Lukáč, Jozef, 1991- 
700 1 |a Stašková, Slavomíra, 1989- 
700 1 |a Meheš, Marek